| 000 | 01187cam a22003254a 4500 | ||
|---|---|---|---|
| 001 | 111615 | ||
| 005 | 20230410130745.0 | ||
| 008 | 040220s2004 caua f001 0deng | ||
| 035 | _a13495685 | ||
| 010 | _a 2004045174 | ||
| 020 | _a0764928686 (alk. paper) | ||
| 040 |
_aDLC _cDLC _dDLC |
||
| 042 | _apcc | ||
| 043 | _an-us--- | ||
| 050 | 1 | 4 |
_aPN 6710 _bT277h 2004 |
| 082 | 0 | 0 | _a741.5973 |
| 100 | 1 |
_aTelnaes, Ann, _d1960- |
|
| 245 | 1 | 0 |
_aHumor's edge : _bcartoons by Ann Telnaes / _cAnn Telnaes interviewed by Harry Katz ; introduction by Ben Sargent. |
| 260 |
_aSan Francisco : _bPomegranate, in association with the Library of Congress, _cc2004. |
||
| 300 |
_a144 p. : _bill. (some col.) ; _c21 x 22 cm. |
||
| 500 | _aIncludes index. | ||
| 651 | 0 |
_aUnited States _xPolitics and government _y2001-2009 _vCaricatures and cartoons. |
|
| 651 | 0 |
_aUnited States _xPolitics and government _y1993-2001 _vCaricatures and cartoons. |
|
| 650 | 0 | _aAmerican wit and humor, Pictorial. | |
| 600 | 1 | 0 |
_aTelnaes, Ann, _d1960- _vInterviews. |
| 650 | 0 |
_aCartoonists _zUnited States _vInterviews. |
|
| 650 | 4 | _aTiras cómicas, historietas, etc. | |
| 700 | 1 | _aKatz, Harry L. | |
| 942 |
_2lcc _cbk |
||
| 999 |
_c79836 _d79836 |
||